| 000 | 01427cam a22003857a 4500 | ||
|---|---|---|---|
| 003 | CHAP | ||
| 005 | 20220329142506.0 | ||
| 008 | 010626d1992 mx b rs 00110 spa d | ||
| 010 | _a84267 | ||
| 011 | _a85239 | ||
| 035 | _a95770 | ||
| 040 | _cCHAP | ||
| 082 | 0 | 4 |
_a352.072 _bO4 |
| 110 | 0 |
_aOaxaca. Secretaría de Planeación. _bDirección de Desarrollo de Sistemas _982491 |
|
| 245 | 1 | 0 |
_aCedula basica municipal _c/por Secretaría de Planeación. Dirección de Desarrollo de Sistemas |
| 260 |
_aOaxaca, Oax. : _bGobierno del Estado de Oaxaca, _c1992 |
||
| 300 |
_a2v. : _bmapas |
||
| 590 |
_aBATCH-UPD _b10 _c20130109 _lUCH01 _h2353 |
||
| 590 |
_aBATCH-UPD _b10 _c20130110 _lUCH01 _h0534 |
||
| 590 |
_aBATCH-UPD _b10 _c20130409 _lUCH01 _h1926 |
||
| 590 |
_aBATCH-UPD _b10 _c20130410 _lUCH01 _h0214 |
||
| 590 |
_aBATCH-UPD _b10 _c20130914 _lUCH01 _h1846 |
||
| 590 |
_aCONVERSION _b10 _c20130109 _lUCH01 _h1347 |
||
| 650 | 1 | 4 |
_aOaxaca _xCondiciones rurales. _982477 |
| 650 | 1 | 4 |
_aOaxaca _xDivisiones administrativas y políticas. _982480 |
| 650 | 1 | 4 |
_aOaxaca _xEstadísticas. _982481 |
| 650 | 1 | 4 |
_aOaxaca _xMapas. _982485 |
| 650 | 1 | 4 |
_aOaxaca _xNombres geográficos. _982486 |
| 650 | 1 | 4 |
_aPoblación _zOaxaca. _989432 |
| 901 | _aBK | ||
| 905 | _aMarco A. Mendoza T. | ||
| 942 | _cLIBRO | ||
| 949 |
_a352.072 O4 _bBC _cC _d33724000838371 _eC _fv.1 _h100027 _i95770 _si |
||
| 949 |
_a352.072 O4 _bBC _cC _d33724000838389 _eC _fv.2 _h100028 _i95770 _si |
||
| 999 |
_c84267 _d84267 |
||